| 000 | 00528nam a2200169 4500 | ||
|---|---|---|---|
| 001 | 113467 | ||
| 003 | ES-MaACL | ||
| 005 | 20230906185914.0 | ||
| 007 | t| | ||
| 008 | 061121s1925 sp r ||||1| spa d | ||
| 100 | 1 |
_aPalacios y Herranz, Quintín. _988446 |
|
| 245 | 1 | 0 |
_aTratado de Procedimientos judiciales / _cpor D. Quintín Palacios y Herranz y D. Mauro Miguel y Romero. |
| 260 |
_aMadrid : _bValladolid, _c1925. |
||
| 300 |
_a798 p. ; _c22 cm. |
||
| 700 | 1 |
_aMiguel y Romero, Mauro. _981040 |
|
| 852 |
_aES-MaACL _jB-5195 |
||
| 999 |
_c113467 _d113467 |
||